000 00402nam a22001337a 4500
999 _c7991
_d7992
008 190619b ||||| |||| 00| 0 eng d
020 _a9780993161605
082 _a616 W74y 2014
100 _aWilson, Gary
245 _aYour Brain on Porn ;
_bInternet pornography and the emerging science of addiction
260 _aUK ;
_bCommonwealth publishing,
_c2014.
300 _axiv, 208 p.
_c20 cm.
942 _2ddc